000 00835 a2200205 4500
001 41652
005 20260407155709.0
008 260407a1976 arg spa d
003 AR-UNSa-BCEJYS
040 _aAR-UNSa-BCEJYS
_bspa
_cAR-UNSa-BCEJYS
080 _a347.155
_xEstado civil, capacidad legal y competencia mental en general. Capacidad de obrar. Responsabilidad en las acciones
245 1 0 _aLa capacidad civil del menor que trabaja
_ptrabajador subordinado y menor profesional
264 1 _aBuenos Aires :
_bAstrea
_c1976
300 _a179 p.
_c18 cm.
505 _a1. Principios generales - 2. La capacidad sustancial: la formación del peculio profesional - 3. La capacidad procesal - 4. Conclusiones
041 _aspa
942 _cBK
590 _aniveau_biblio:m niveau_hierar:0
100 1 _aKemelmajer de Carlucci, Aída
999 _c3519
_d3519